Joueurs jouant au FC Nantes lors d'une Coupe du Monde de Football - Statistiques

Statistiques générales
  • Ce quiz a été pris 107 fois
  • Le résultat moyen est 6 sur 23
Statistiques - réponses
Réponse % Correct
Jacques Simon
81%
Jean-Charles Castelletto
54%
Maxime Bossis
51%
Alejandro Bedoya
47%
Henri Michel
44%
Mickaël Landreau
38%
Jorge Burruchaga
33%
Philippe Gondet
26%
Jean-Paul Bertrand-Demanes
23%
Chidozie Awaziem
21%
Vahid Halilhodžić
20%
Noureddine Naybet
15%
Emerse Faé
13%
Patrice Rio
13%
Salomon Olembé
13%
William Ayache
10%
Yvon Le Roux
10%
Djamel Abdoun
8%
Ángel Bargas
7%
Gabriel De Michele
7%
Eric Djemba-Djemba
5%
Robert Budzynski
5%
Samson Siasia
5%
Aucun quiz correspondant
Distribution des résultats
% des personnes avec chaque résultat
Percentile par nombre de réponses
Votre historique - résultats
Vous n’avez pas pris ce quiz